Statistiques concernant Pays qui utilisent le dollar américain comme devise principale

Cliquez ici pour prendre le quiz!

Statistiques générales

  • Ce quiz a été pris 30 fois
  • Le résultat moyen est 2 sur 8

Statistiques - réponses

Réponse% Correct
Etats-unis
100%
Îles Marshall
30%
Micronésie
26%
Panama
26%
Salvador
22%
Palaos
19%
Timor Oriental
15%
Équateur
11%

Distribution des résultats

Percentile par nombre de réponses

% des personnes avec chaque résultat

Votre développement - résultats

Vous n’avez pas pris ce quiz